Корпоративная культура: Десять самых распространенных заблуждений Практическое пособие
Что такое корпоративная культура? Почему руководство должно активно участвовать в ее создании? Почему не работают навязанные со стороны стандарты? На примерах из жизни российских компаний автор показывает как корпоративная культура помогает поднять мотивацию наладить взаимодействие отделов и нацелит...
محفوظ في:
| المؤلف الرئيسي: | |
|---|---|
| التنسيق: | Практическое пособие |
| الطبعة: | 3 |
| الوصول للمادة أونلاين: | https://znanium.com/catalog/document?id=436647 https://znanium.com/cover/2118/2118662.jpg |
| الوسوم: |
إضافة وسم
لا توجد وسوم, كن أول من يضع وسما على هذه التسجيلة!
|
| LEADER | 02756nam0a2200349 i 4500 | ||
|---|---|---|---|
| 001 | RU\infra-m\znanium\bibl\2118662 | ||
| 003 | https://znanium.com/catalog/document?id=436647 | ||
| 005 | 20240227000000.0 | ||
| 010 | |a 978-5-9614-6775-8 | ||
| 100 | |a 20240227d2023 m y0rusy0150 ca | ||
| 101 | 0 | |a rus | |
| 102 | |a RU | ||
| 200 | 1 | |a Корпоративная культура: Десять самых распространенных заблуждений |e Практическое пособие | |
| 205 | |a 3 |b перераб. и доп. | ||
| 210 | 1 | |a Москва |c ООО "Альпина Паблишер" |d 2022 | |
| 215 | |a 138 с. | ||
| 330 | |a Что такое корпоративная культура? Почему руководство должно активно участвовать в ее создании? Почему не работают навязанные со стороны стандарты? На примерах из жизни российских компаний автор показывает как корпоративная культура помогает поднять мотивацию наладить взаимодействие отделов и нацелить всех на общий результат. По поводу корпоративной культуры бытует много заблуждений самые опасные из которых детально разобраны в этой книге. Книга в первую очередь адресована владельцам и топ-менеджерам компаний т. е. тем кто формирует корпоративную культуру организации. Также издание будет интересно оргконсультантам и студентам. | ||
| 333 | |a Профессиональное образование | ||
| 606 | |a Управление (менеджмент) |x Корпоративная (организационная) культура |2 local | ||
| 608 | |a Практическое пособие |2 local | ||
| 675 | |a 338 |z rus | ||
| 675 | |a 650 |z rus | ||
| 686 | |a 6505 |2 rubbk | ||
| 686 | |a 38.03.01 |2 okso | ||
| 686 | |a 38.03.02 |2 okso | ||
| 686 | |a 38.03.03 |2 okso | ||
| 686 | |a 38.03.04 |2 okso | ||
| 686 | |a 38.03.06 |2 okso | ||
| 700 | 1 | |a Демин |b Д.В. |g Данила Валерьевич | |
| 801 | 0 | |a RU |b Общество с ограниченной ответственностью «ЗНАНИУМ» |c 20231009 |2 rusmarc | |
| 856 | 4 | |a znanium.com |m ebs_support@infra-m.ru |n НИЦ ИНФРА-М |u https://znanium.com/catalog/document?id=436647 | |
| 856 | 4 | 1 | |a znanium.com |d /cover/2118 |f 2118662.jpg |q image/jpeg |u https://znanium.com/cover/2118/2118662.jpg |